书目信息 |
| 题名: |
第二国际的复活
|
|
| 作者: | Могилевский , 莫吉列夫斯基 著 ;杭州大学外语系俄语翻译组 译 | |
| 分册: | ||
| 出版信息: | 北京 人民出版社 1982 |
|
| 页数: | 332页 | |
| 开本: | 19cm | |
| 丛书名: | ||
| 单 册: | ||
| 中图分类: | D14 | |
| 科图分类: | ||
| 主题词: | ||
| 电子资源: | ||
| ISBN: | ||
| 000 | 01194nam0 2200289 45 | |
| 001 | 0182008618 | |
| 005 | 20060727111114.03 | |
| 010 | @dCNY0.90 | |
| 091 | @aCN@b11001.487 | |
| 100 | @a19950704d1982 em y0chiy0121 ea | |
| 101 | 1 | @achi@crus |
| 102 | @aCN@b110000 | |
| 105 | @ay z 000yy | |
| 200 | 10 | @a第二国际的复活@Adi er guo ji de fu huo@e1919-1923革命高潮时期国际改良主义中心的历史@f(苏)莫吉列夫斯基(С.А. Могилевский)著@g杭州大学外语系俄语翻译组译 |
| 210 | @a北京@c人民出版社@d1982 | |
| 215 | @a332页@d19cm | |
| 300 | @a书名原文:Восстановление 2 интернационала(1919-1923) | |
| 510 | 1 | @aВосстановление 2 интернационала(1919-1923)@zrus |
| 517 | 1 | @a1919-1923革命高潮时期国际改良主义中心的历史@A1919-1923 ge ming gao chao shi qi guo ji gai liang zhu yi zhong xin de li shi |
| 601 | 02 | @a第二国际@x历史@z1919~1923 |
| 690 | @aD14@v3 | |
| 701 | A1 | @aМогилевский@bС.А.@4著 |
| 701 | 1 | @a莫吉列夫斯基@Amo ji lie fu si ji@bC.A.@4著 |
| 711 | 02 | @a杭州大学外语系俄语翻译组@Ahang zhou da xue wai yu xi e yu fan yi zu@4译 |
| 801 | 2 | @aCN@bNLC@c20060727 |
| 801 | 0 | @aCN@bTSSF |
| 905 | @a10447@dD14@e5 | |
| 第二国际的复活:1919-1923革命高潮时期国际改良主义中心的历史/(苏)莫吉列夫斯基(С.А. Могилевский)著/杭州大学外语系俄语翻译组译.-北京:人民出版社,1982 |
| 332页;19cm |
| 书名原文:Восстановление 2 интернационала(1919-1923) |
| ISBN :CNY0.90 |
| ● |
| 相关链接 |
|
|
|
|
正题名:第二国际的复活
索取号:D14/5
 
预约/预借
| 序号 | 登录号 | 条形码 | 馆藏地/架位号 | 状态 | 备注 |
| 1 | 0439977 | 204399775 | 密集书库/ [索取号:D14/5] | 在馆 |